000 nam a22 7a 4500
999 _c10595
_d10595
008 180219b ||||| |||| 00| 0 eng d
100 _aSinghal, A
_9319
245 _aHow to became a Human Calculater
260 _aNew Delhi
_bS, Chand Publication
_c2013